000 00585nam a22002297a 4500
003 UA-OsUOA
001 99898
007 ta
008 20130520b un ||||| |||| 00| 0 ukr d
100 _aУстьянцев В.
090 _a821.161.1
_bУ83
942 _cBK
040 _aUA-OsUOA
_brus
_cUA-OsUOA
_dUA-OsUOA
245 _aОкеан не спит
300 _a360 с.
955 _a3
041 _arus
080 _a821.161.1
260 _aМ.
_bВоениздат
_c1966
650 7 _a82 Література. Літературознавство
_2UDC
999 _c386132
_d386132